| 000 | 00399nam a22001337a 4500 | ||
|---|---|---|---|
| 003 | a | ||
| 005 | 20250325131706.0 | ||
| 008 | 250325b xxu||||| |||| 00| 0 eng d | ||
| 082 | _aFil Kin51 2014 | ||
| 245 |
_aLittle life lessons on sharing= _bMumunting aral sa buhay tungkol sa pagbabahagi |
||
| 260 |
_aQuezon City: _bLampara PublishingHouse, Inc; _c2021 |
||
| 300 |
_a31 pp _c20 cm |
||
| 942 |
_2ddc _cBK |
||
| 999 |
_c367339 _d367339 |
||